Central Library OPAC University of Rajshahi

Vertebrate biology / (Record no. 66306)

MARC details
000 -LEADER
fixed length control field 00662nam a2200229 a 4500
001 - CONTROL NUMBER
control field 66306
003 - CONTROL NUMBER IDENTIFIER
rucl marc code BD RjUL
005 - DATE AND TIME OF LATEST TRANSACTION
control field 20211209081524.0
008 - FIXED-LENGTH DATA ELEMENTS--GENERAL INFORMATION
fixed length control field 170315s1966 enk b 00110 eng d
035 ## - SYSTEM CONTROL NUMBER
System control number (BD RjUL)66436
040 ## - CATALOGING SOURCE
Original cataloging agency DLC
Transcribing agency BD RjUL
Modifying agency BD RjUL
Language of cataloging eng
041 ## - LANGUAGE CODE
Language code of text/sound track or separate title eng
082 0# - DEWEY DECIMAL CLASSIFICATION NUMBER
Classification number 596
Edition number 23
Author mark and year ORV 1966
100 1# - MAIN ENTRY--PERSONAL NAME
Personal name Orr, Robert T.
Fuller form of name (Robert Thomas),
Dates associated with a name 1908-1994
9 (RLIN) 41482
245 10 - TITLE STATEMENT
Title Vertebrate biology /
Statement of responsibility, etc. Robert T. Orr.
250 ## - EDITION STATEMENT
Edition statement 2nd ed.
260 ## - PUBLICATION, DISTRIBUTION, ETC. (IMPRINT)
Place of publication, distribution, etc. Philadelphia :
Name of publisher, distributor, etc. W.B.Saunders Co.,
Date of publication, distribution, etc. c1966.
300 ## - PHYSICAL DESCRIPTION
Pagination xii, 483 p. :
Illustrations ill. ;
Size 25 cm.
504 ## - BIBLIOGRAPHY, ETC. NOTE
Bibliography, etc Includes bibliographies and index.
650 #0 - SUBJECT ADDED ENTRY--TOPICAL TERM
Topical term or geographic name as entry element Vertebrates.
9 (RLIN) 41483
942 ## - ADDED ENTRY ELEMENTS (KOHA)
Source of classification or shelving scheme Dewey Decimal Classification
Koha item type Books
Holdings
Lost status Source of classification or shelving scheme Damaged status Not for loan Collection code Permanent Location Current Location Shelving location Date acquired Source of acquisition Cost, normal purchase price Total Checkouts Full call number Date last seen Copy number Koha item type
  Dewey Decimal Classification   Not For Loan Non-fiction Central Library, University of Rajshahi Central Library, University of Rajshahi Reading Room 22/11/1967 Zeitlinger 56.00   596 ORV 1966 15/03/2017 C-1 Books
  Dewey Decimal Classification     Non-fiction Central Library, University of Rajshahi Central Library, University of Rajshahi   17/09/1979 Zeithinger 0.00   596 ORV 1968 27/05/2017 C-2 Books
  Dewey Decimal Classification     Non-fiction Central Library, University of Rajshahi Central Library, University of Rajshahi   17/09/1979 Zeithinger 0.00   596 ORV 1968 27/05/2017 C-3 Books
  Dewey Decimal Classification     Non-fiction Central Library, University of Rajshahi Central Library, University of Rajshahi   22/11/1967 Zeitlinger 56.00   596 ORV 1966 13/01/2019 C-4 Books